Daily Capital City Riddle #14 - Statistics

General Stats
  • This quiz has been taken 87 times
  • The average score is 31 of 35
Answer Stats
Type Answer % Correct
Found Letter A
100%
Alphabet Letter C
100%
Found Letter N
100%
Found Letter I
99%
Found Letter O
99%
Found Letter R
99%
Alphabet Letter S
99%
Alphabet Letter T
99%
Alphabet Letter D
97%
Alphabet Letter H
97%
Alphabet Letter B
96%
Alphabet Letter E
96%
Alphabet Letter G
95%
Alphabet Letter L
95%
Alphabet Letter K
94%
Alphabet Letter P
94%
Alphabet Letter U
94%
Alphabet Letter W
92%
Found Letter M
91%
Correctly Placed Letter O
88%
Correctly Placed Letter M
87%
Correctly Placed Letter N
87%
Correctly Placed Letter O
87%
Alphabet Letter J
83%
Found Letter V
83%
Alphabet Letter Y
82%
Correctly Placed Letter A
79%
Alphabet Letter Z
77%
Alphabet Letter F
75%
Correctly Placed Letter R
75%
Correctly Placed Letter I
74%
Alphabet Letter X
74%
Alphabet Letter Q
73%
Correctly Placed Letter V
70%
Mystery Capital Monrovia
69%
No matching quizzes found
Score Distribution
Percent of People with Each Score
Percentile by Number Answered
Your Score History
You have not taken this quiz